=LDR 00000nam 2200000 4500 =001 INLIS000000000035790 =005 20130612141623 =008 ***********************************Ind** =035 ##$$0010-061300000035790 =041 ##$$a Ind =082 ##$$a 338 =090 ##$$a 338, Nit m =100 ##$$a Nitisemita,Alex S =245 ##$$a Mengusahakan Toko Laris dan Untung, Alex S.Nitisemita =260 ##$$a 76 $b MalangbUnbra =300 ##$$a 37hlm , 21cm =850 ##$$a NBPNMAT